Statistics for Brodsko-posavska Kviz

Click here to take the quiz!

General Stats

  • This quiz has been taken 83 times
    (82 since last reset)
  • The average score is 6 of 12

Answer Stats

SavjetOdgovor% Correct
Sjedište okrugaSlavonski Brod
97%
Regija u kojoj se
nalazi županija
Sava
88%
Granica zemljeBosna i
Hercegovina
72%
Granične županijeVukovarsko-srijemska
66%
Granične županijePožesko-slavonska
64%
Granične županijeOsječko-baranjska
59%
Granične županijeSisačko-moslavačka
47%
Jedini grad osim sjedištaNova Gradiška
45%
Broj općina26
43%
Dan županije15. {travnja}
28%
ŽupanDanijel
Marušić
14%
Duga rijekaSave
5%

Score Distribution

Percentile by Number Answered

Percent of People with Each Score

Your Score History

You have not taken this quiz since the last reset